Normal view
MARC view
Entry Topical Term
001 - CONTROL NUMBER
- control field: 247162
003 - CONTROL NUMBER IDENTIFIER
- control field: OSt
005 - DATE AND TIME OF LATEST TRANSACTION
- control field: 20251128162520.0
008 - FIXED-LENGTH DATA ELEMENTS
- fixed length control field: 251128|| aca||aabn | a|a d
040 ## - CATALOGING SOURCE
- Original cataloging agency: OSt
- Transcribing agency: OSt
150 ## - HEADING--TOPICAL TERM
- Topical term or geographic name entry element: Managing machine learning services for SQL server 2017
670 ## - SOURCE DATA FOUND
- Source citation: Work cat.: (OSt)196760: Kastrun, Tomaz. 247160, SQL server 2017 machine learning services with R : , 2018.